Quizzes
Events
Quiz Creation
Community
Videos
Private Events
Remove Ads
Sign In
Join for FREE
Feedback
Dark Mode
Quiz Categories
Sports
Geography
Music
Movies
Television
Just For Fun
Miscellaneous
History
Literature
Language
Science
Gaming
Entertainment
Religion
Holiday
For Kids
Quiz Lab
Recent
Popular Today
Quiz Kudos Today
Editor Picks
Curator Picks
Quizzes by...
Day
Popularity
Type
Ratings
Length
Year
Community
Subscriptions
Recent Discussions
Orange Saloon
Badges
Playlists
Quests
Create
Leaderboards
Showdown
Live 5
Trivia Bingo
Activity
Puzzle Library
Sporcle Events
Private Events
Virtual Trivia
Globe League
Become a Host
Pub Owners
SporcleCon
Opinionation
Our Games
Videos
Blog
Mobile Apps
Partnerships
Remove Ads and Go Orange
Feedback
Music
Pop Music
The Beatles
Song
Album
Lyrics
Bands
Singers
Artist
Clip
Rock
Rap
Classical
Billboard
Country Music
Kpop
Taylor Swift
Music
Pop Music
The Beatles
Song
Album
Lyrics
Bands
Singers
Artist
Clip
Rock
Rap
Classical
Billboard
Country Music
Kpop
Taylor Swift
Random Quiz
Search Sporcle
×
Quiz Lab
Quiz Lab
Music
Numbers
Type in answers that appear in a list
Type in answers that appear in a list
Classic
Best Score? Go Orange.
Birds by Kate Nash Stats
Can you name the Birds by Kate Nash?
By
pru
8m
48 Questions
228 Plays
228 Plays
228 Plays
Comments
Comments
Give Quiz Kudos
Give Quiz Kudos
-
- Ratings
hide this ad
Forced Order
Answers have to be entered in order
Answers have to be entered in order
Replay
Link that replays current quiz
Next Quiz
Link to next quiz in quiz playlist
You Got
0%
They Got
Avg Score
53%
Avg Friend Score
Upgrade to see
Score Distribution
Jump to the score distribution portion of the page
Score
0/48
Timer
08:00
0
Plays Today
Beginning of Line
End of Line
% Correct
She was
waiting at the station.
90.4%
He was
getting off the train.
82.5%
to pay this
fine.'
79.8%
She said
'Fine.'
77.6%
'cause I
haven't got the funds
69.7%
Well, the ticket inspector
saw him rushing through.
65.8%
and
two bottles of Bud.
65.4%
And he said,
'You look well nice.'
65.4%
but
we'd better run,
64.5%
And
he did.
64.5%
But he was looking at her, yeah,
all funny in the eye.
64%
Well, they ran out of the station
and jumped onto a bus
63.2%
'cause she only wanted
him to think that she looked nice.
62.7%
tell me what you're thinking now;
don't be shy.'
62.3%
with
two of yesterday's travel cards,
60.5%
Right, birds can fly so high and
they can **** on your head.
57%
She said,
'What?'
56.1%
that's how I feel
about you.
55.7%
But when you
look at them,
55.3%
Yeah, they can almost fly
into your eye
54.8%
And he
thought she looked nice.
53.9%
And he said,
'Alright, I'll try.'
53.9%
And she was
wearing a skirt.
53.1%
She said,
'Come on boy,
53.1%
Beginning of Line
End of Line
% Correct
and make you
feel so scared.
53.1%
and you see
that they're beautiful,
53.1%
She said,
'What?'
52.2%
Right, birds can fly so high and
they can **** on your head.
49.6%
He said,
'You.'
48.2%
He said,
'Girl, you don't know how much I missed you,
47.8%
and grassy bits
in between.
47.8%
Yeah, they can almost fly
into your eye
47.8%
But when you,
look at them,
47.8%
And yes, she
didn't really care about anything else
46.5%
He said,
'You.'
46.1%
and make you
feel so scared.
46.1%
that's how I feel
about you.
46.1%
Right, that's how I feel
about you.
44.7%
and you see
that they're beautiful,
44.3%
He said,
'Let me try and explain again.'
43.4%
He didn't have a ticket, so
he had to bum through the barriers again.
42.5%
She said,
'What are you talking about?'
41.2%
All the
stars up in the sky,
40.4%
He said,
'Cool.'
38.6%
and the
leaves in the trees,
36.8%
She said,
'Thanks, I like you too.'
36%
All the matter in the world,
that's how much that I like you.
29.8%
all the broken bits
that make you jump up,
12.7%
Quiz Playlist
Details
Report
Send in Message
Add To Playlist
Classic:
Type in answers that appear in a list
Forced Order:
Answers have to be entered in order
Quiz Source
Last Updated: Feb 16, 2017
Quiz Scoreboard
CHALLENGE
Sign Up to Join the Scoreboard
Show All
Scores
Hide
Comments
May contain spoilers
Recently Published
College Basketball Coaching Resumes
by pancakes188
Sports
9m
Billboard Blitz: Fleetwood Mac
by CooCooCachoo
Music
15s
Presidents Visiting Landmarks
by Hejman
History
7m
More to Explore
Quiz From the Vault
Featured Blog Post
Where Did the Easter Bunny Come From?
hide this ad
You Might Also Like...
Tags
Numbers Quiz
Begins With
bird
end
kate
nash
Today's Top Quizzes in Music
Browse Music
hide this ad
Today's Top Quizzes in Numbers
Browse Numbers
Top Contributed Quizzes in Music
1
Taylor Swift All Songs (2024)
2
7-to-1: Billboard Hot 100 #1 Hits of 2010s
3
Guess the Artist- 70s Songs
4
Sorting Albums and Songs
5
Taylor Swift Logic Puzzle
6
KPOP LOGIC QUIZ
7
Guess the Taylor Swift song (Mystery Song)
8
2010s Album by Cover III
9
One Thing in Common: Music
10
Guess The Taylor Swift Lyrics Song #1
Explore More
Trending Topics
Disney
Harry Potter
NBA
Crossword
Kpop
Anime
Marvel
WWE
The Office
Soccer
Country
Pokémon
NFL
Puzzle
Song
hide this ad
More By:
pru
Quiz
Plays
Rating
Category
Featured
Created
Skins Quotes
3,706
4.17
Television
Mar 1, 2010
Lady Gaga's Speechless
931
1.80
Music
Mar 1, 2010
Annabel Lee
473
5.00
Literature
Feb 28, 2010
Breathe Me by Sia
289
5.00
Music
Mar 1, 2010
Things Antoine Dodson Wants You to Hide
249
4.38
Just For Fun
Aug 14, 2010
Go to Creator's Profile
Score Distribution
Quiz Creator Spotlight
pru
Follow
Send a Message
Quizzes Created
-
Created Quiz Play Count
-
More By This Creator
Popular Quizzes Today
1
Find the US States - No Outlines Minefield
2
Find the Countries of Europe - No Outlines Minefield
3
The Countries of the World
4
Find the US States
5
Risky Map Clicking: Biggest States A-Z
6
US States
7
Popular People in 1961
8
Movies - When Are They Set?
More Music Quizzes
Musicians Upside Down II
Published
Trending Quizzes
Risky Map Clicking: Least Populous States A-Z
1-10 Letter G Words
1-10 Letter F Words
Risky Map Clicking: Next State Alphabetically
Risky Map Clicking: Biggest States A-Z
Recently Updated
Leaping Animals
pecheneg
Reality TV Shows (A-Z)
bhenderson79
Rickey Henderson's Hall of Fame Teammates
pecheneg
Champions League XIs: Arsenal
pecheneg
Quick Pick: Celebrities in WWE's Hall of Fame
aduchscher
A-Z Keypad Blitz II
pecheneg
Multiple Oscar Actors
pecheneg
Mystery Phrase Blitz: Oscar 'Best Actors'
pecheneg
F. Scott Fitzgerald Novels
LTH
Pick 3 Villains
ddd62291
Trending Topics
Crossword
Disney
NBA
Marvel
Harry Potter
Anime
Kpop
NFL
The Office
Puzzle
WWE
Pokémon
Song
Country
Soccer
Your Account Isn't Verified!
In order to create a playlist on Sporcle, you need to verify the email address you used during registration. Go to your
Sporcle Settings
to finish the process.
Report this User
Report this user for behavior that violates our
Community Guidelines
.
Details:
Send Report
Go to the Sporcle.com Mobile Site →
Comments